From individual behaviour to population ecology (Record no. 29419)

MARC details
000 -LEADER
fixed length control field 00583 a2200229 4500
020 ## - NUMERO INTERNATIONAL NORMALISE DES LIVRES
International Standard Book Number 0-19-854910-5
130 ## - VEDETTE PRINCIPALE - TITRE UNIFORME
Language of a work EN
100 ## - VEDETTE PRINCIPALE - NOM DE PERSONNE
Personal name SUTHERLAND, William J.
260 ## - PUBLICATION, DISTRIBUTION, ETC. (IMPRINT)
Name of publisher, distributor, etc Oxford University Press
245 ## - TITLE STATEMENT
Title From individual behaviour to population ecology
260 ## - PUBLICATION, DISTRIBUTION, ETC. (IMPRINT)
Place of publication, distribution, etc Oxford
260 ## - PUBLICATION, DISTRIBUTION, ETC. (IMPRINT)
Date of publication, distribution, etc 1996
300 ## - PHYSICAL DESCRIPTION
Extent x-213 p.
300 ## - PHYSICAL DESCRIPTION
Other physical details couv. ill. en coul., ill.; 24 cm.
440 ## - SERIES STATEMENT/ADDED ENTRY--TITLE
Title Oxford Series in Ecologu and Evolution
650 ## - SUBJECT ADDED ENTRY--TOPICAL TERM
Topical term or geographic name as entry element Ecologie animale
650 ## - SUBJECT ADDED ENTRY--TOPICAL TERM
Topical term or geographic name as entry element Population animale
650 ## - SUBJECT ADDED ENTRY--TOPICAL TERM
Topical term or geographic name as entry element Zoologie
650 ## - SUBJECT ADDED ENTRY--TOPICAL TERM
Topical term or geographic name as entry element Comportement
Holdings
Withdrawn status Lost status Damaged status Not for loan Location (home branch) Sublocation or collection (holding branch) Date acquired Koha issues (times borrowed) Koha full call number Koha date last seen Copy number Price effective from Koha item type Public note
        Bibliothèque-Centre de Documentation de la Faculté des Sciences Agronomiques Bibliothèque-Centre de Documentation de la Faculté des Sciences Agronomiques     AGE.1996.018 28/02/2009 1 28/02/2009 Livre A.8120


© 2008, Bibliothèques de l'Université d'Abomey-Calavi

04 BP 789 Cotonou, Tél. : +229 21 36 01 01, Fax : +229 21 35 06 32

Courriel : bu@bu.uac.bj